| 000 | 01535nam a22003614a 4500 | ||
|---|---|---|---|
| 001 | ebr10171586 | ||
| 003 | CaPaEBR | ||
| 006 | m u | ||
| 007 | cr cn||||||||| | ||
| 008 | 040701s2004 ne sb 001 0 eng | ||
| 010 | _z 2004054595 | ||
| 020 | _z9004141235 (alk. paper) | ||
| 040 |
_aCaPaEBR _cCaPaEBR |
||
| 035 | _a(OCoLC)191935678 | ||
| 050 | 1 | 4 |
_aBT800 _b.H86 2004eb |
| 082 | 0 | 4 |
_a234/.5 _222 |
| 100 | 1 | _aHunt, Hannah. | |
| 245 | 1 | 0 |
_aJoy-bearing grief _h[electronic resource] : _btears of contrition in the writings of the early Syrian and Byzantine fathers / _cby Hannah Hunt. |
| 260 |
_aLeiden ; _aBoston : _bBrill, _c2004. |
||
| 300 | _axv, 269 p. | ||
| 490 | 1 |
_aThe medieval Mediterranean, _x0928-5520 ; _vv. 57 |
|
| 504 | _aIncludes bibliographical references (p. [247]-261) and indexes. | ||
| 533 |
_aElectronic reproduction. _bPalo Alto, Calif. : _cebrary, _d2013. _nAvailable via World Wide Web. _nAccess may be limited to ebrary affiliated libraries. |
||
| 610 | 2 | 0 |
_aOrthodox Eastern Church _xDoctrines _xHistory. |
| 650 | 0 |
_aRepentance _xChristianity _xHistory of doctrines. |
|
| 650 | 0 |
_aCrying _xReligious aspects _xChristianity _xHistory of doctrines. |
|
| 650 | 0 | _aFathers of the church, Syriac. | |
| 650 | 0 | _aFathers of the church, Greek. | |
| 655 | 7 |
_aElectronic books. _2local |
|
| 710 | 2 | _aebrary, Inc. | |
| 830 | 0 |
_aMedieval Mediterranean ; _vv. 57. |
|
| 856 | 4 | 0 |
_uhttp://site.ebrary.com/lib/rucke/Doc?id=10171586 _zAn electronic book accessible through the World Wide Web; click to view |
| 999 |
_c249186 _d249186 |
||